France, 20th century specialized (Record no. 2268)
[ view plain ]
| 000 -LEADER | |
|---|---|
| fixed length control field | 00255nam a22000977a 4500 |
| 008 - FIXED-LENGTH DATA ELEMENTS--GENERAL INFORMATION | |
| fixed length control field | 170218b xxu||||| |||| 00| 0 eng d |
| 100 ## - MAIN ENTRY--AUTHOR'S NAME | |
| Author's Name | Lesgor, Raoul |
| 245 ## - TITLE STATEMENT | |
| Title | France, 20th century specialized |
| 260 ## - PUBLICATION, DISTRIBUTION, ETC. (IMPRINT) | |
| Place of publication, distribution, etc. | Holmes, NY |
| Name of publisher, distributor, etc. | Raoul Lesgor |
| Date of publication, distribution, etc. | 1955 |
| 650 ## - TOPICAL TERM (Tag) | |
| Topical term or geographic name | France |
| Withdrawn status | Lost status | Source of classification or shelving scheme | Damaged status | Koha normalized classification for sorting | Not for loan | Permanent Location | Current Location | Shelving location | Date acquired | Total Checkouts | Full call number | Barcode | Date last seen | Date last checked out | Price effective from | Koha item type |
|---|---|---|---|---|---|---|---|---|---|---|---|---|---|---|---|---|
| G5830 A1 L629 | Northern Philatelic Library | Northern Philatelic Library | General Stacks | 02/18/2017 | 1 | G5830 A1 L629 | 1002690 | 12/21/2024 | 12/12/2024 | 02/18/2017 | Stamp Catalogs |